000 01075nam a22002297a 4500
005 20240530110542.0
008 160103s2012 ua a g d 000 0 ara d
017 _a2012/13671
_bمصر . دار الكتب المصرية
020 _a9789771304012
040 _aEG-CaGPL
082 0 4 _221
_a332.03\
_bم م
245 0 2 _aالاسيوطى :
_bمعجم المصطلحات المصرفية و المالية انجليزى - فرنسى - عربى /
_cاعداد مجدى ناف الاسيوطى ؛ بالاشتراك مع امال مجدى الاسيوطى ، سلوى مجدى الاسيوطى ، عادل مجدى الاسيوطى .
250 _aط1.
260 _aالقاهرة :
_bمؤسسة الاهرام ،
_c2012 .
300 _a1304ص ؛
_c24 سم .
700 0 _aمجدى ناف الاسيوطى
_eمعد .
700 0 _aعادل مجدى الاسيوطى
_eمعد .
700 0 _aسلوى مجدى الاسيوطى
_eمعد .
700 0 _aامال مجدى الاسيوطى
_eمعد .
942 _2ddc
_cBK
999 _c62277
_d62277